Introductory Digital Image Processing: A Remote Sensing Perspective / (Record no. 616293)
[ view plain ]
| 000 -LEADER | |
|---|---|
| fixed length control field | 00512nam a22001817a 4500 |
| 003 - CONTROL NUMBER IDENTIFIER | |
| control field | NUST |
| 005 - DATE AND TIME OF LATEST TRANSACTION | |
| control field | 20260217163710.0 |
| 008 - FIXED-LENGTH DATA ELEMENTS--GENERAL INFORMATION | |
| fixed length control field | 260217b ||||| |||| 00| 0 eng d |
| 020 ## - INTERNATIONAL STANDARD BOOK NUMBER | |
| International Standard Book Number | 978-0134058160 |
| 082 ## - DEWEY DECIMAL CLASSIFICATION NUMBER | |
| Classification number | 621.3678 |
| Author Mark | JEN |
| 100 ## - MAIN ENTRY--PERSONAL NAME | |
| Personal name | John Jensen. |
| 9 (RLIN) | 133320 |
| 245 ## - TITLE STATEMENT | |
| Title | Introductory Digital Image Processing: A Remote Sensing Perspective / |
| Statement of responsibility, etc. | John Jensen. |
| 250 ## - EDITION STATEMENT | |
| Edition statement | 4th Edition |
| 260 ## - PUBLICATION, DISTRIBUTION, ETC. | |
| Place of publication, distribution, etc. | USA: |
| Name of publisher, distributor, etc. | Pearson Education, |
| Date of publication, distribution, etc. | 2015. |
| 300 ## - PHYSICAL DESCRIPTION | |
| Extent | 656 p ; |
| Dimensions | 33.8cm |
| 563 ## - BINDING INFORMATION | |
| Binding note | Hardcover |
| 942 ## - ADDED ENTRY ELEMENTS (KOHA) | |
| Source of classification or shelving scheme | |
| Koha item type | Book |
| Withdrawn status | Lost status | Source of classification or shelving scheme | Damaged status | Not for loan | Permanent Location | Current Location | Date acquired | Total Checkouts | Full call number | Barcode | Date last seen | Price effective from | Koha item type |
|---|---|---|---|---|---|---|---|---|---|---|---|---|---|
| Institute of Geographical Information Systems (IGIS) | Institute of Geographical Information Systems (IGIS) | 02/17/2026 | 621.3678 JEN | IGIS-91 | 02/17/2026 | 02/17/2026 | Book | ||||||
| Institute of Geographical Information Systems (IGIS) | Institute of Geographical Information Systems (IGIS) | 02/17/2026 | 621.3678 JEN | IGIS-92 | 02/17/2026 | 02/17/2026 | Book |
